El alma y la danza: Eupalinos o el arquitecto
Na minha lista:
| Autor principal: | |
|---|---|
| Formato: | Livro |
| Idioma: | espanhol |
| Publicado em: |
Buenos Aires
Losada
1940
|
| coleção: | Biblioteca filosófica
|
| Assuntos: | |
| Tags: |
Adicionar Tag
Sem tags, seja o primeiro a adicionar uma tag!
|
MARC
| LEADER | 00000nam a2200000 a 4500 | ||
|---|---|---|---|
| 001 | UCH7295 | ||
| 003 | CL-VaPUC | ||
| 008 | 091109e19400000AG |||||||||||||||||spa|d | ||
| 082 | 0 | 4 | |a 844 |b VAL |2 21 |
| 100 | 0 | |a Valéry, Paul |e author |9 320134 | |
| 245 | 1 | 3 | |a El alma y la danza: Eupalinos o el arquitecto |
| 300 | |a 171 p | ||
| 942 | |c BK | ||
| 945 | |d 20091109 00:00:00 |a ccalabra | ||
| 260 | |a Buenos Aires |b Losada |c 1940 | ||
| 650 | 0 | |a Literatura |9 259151 | |
| 650 | 0 | |a Literatura francesa |9 266330 | |
| 650 | 0 | |a Escritores franceses |9 450149 | |
| 650 | 0 | |a Ficción |9 376687 | |
| 650 | 0 | |a Lectura |9 307634 | |
| 650 | 0 | |a Narrativa |9 336727 | |
| 650 | 0 | |a Ensayos franceses |9 265511 | |
| 651 | 0 | |a Francia |9 255157 | |
| 583 | |a last modification |c 20091109 00:00:00 |k Rodrigo Vera | ||
| 490 | 0 | |a Biblioteca filosófica | |
| 999 | |c 337951 |d 337949 | ||